| 000 | 00535nam a22001697a 4500 | ||
|---|---|---|---|
| 003 | OSt | ||
| 005 | 20140310181751.0 | ||
| 008 | 130627t xxu||||| |||| 00| 0 eng d | ||
| 020 | _a97188337107 | ||
| 050 |
_aPE 1460 _b.Ab117 2001 |
||
| 082 |
_2FIL 428 _bAb1 2001 |
||
| 245 |
_aLittle book of idioms (idiomatic expressions) : _ba helpful book for students & professionals / _cAtty. Richard A. Abangan. |
||
| 260 |
_aSta. Cruz, Manila : _bCKC Publication, _cc2001. |
||
| 300 |
_a106 p : _c18 cm. |
||
| 942 |
_2lcc _cBK |
||
| 999 |
_c3245 _d3245 |
||